Statistics for Countries With Unique Letter In Their Names by Continent

Click here to take the quiz!

General Stats

  • This quiz has been taken 49 times
  • The average score is 12 of 16

Answer Stats

Answer% Correct
Mexico
91%
New Zealand
91%
Argentina
87%
Fiji
87%
Suriname
83%
Chile
83%
Ecuador
83%
Jamaica
79%
Kiribati
74%
Federated states of
Micronesia
74%
Marshall Islands
70%
St. Kitts and Nevis
70%
Luxembourg
68%
Belize
64%
Djibouti
55%
Afghanistan
38%

Score Distribution

Percentile by Number Answered

Percent of People with Each Score

Your Score History

You have not taken this quiz